000 00433nam a2200205Ia 4500
001 12836
003 GE_BSU
008 181216s||||||||xx |||||||||||||| ||und||
020 _a9780007419999
040 _cGE_BSU
080 _a821.111-32
100 _aCox,Josephine.
245 _aThree Letters.
260 _aLondon.
260 _bHarper.
260 _c2012
300 _a424p;18cm.
653 _aThree Letters.
942 _cBK
999 _c46006
_d46006